| 000 | 00541nam a2200169Ia 4500 | ||
|---|---|---|---|
| 999 |
_c23320 _d23320 |
||
| 003 | OSt | ||
| 005 | 20200227135020.0 | ||
| 008 | 190216s9999||||xx |||||||||||||| ||und|| | ||
| 020 | _a8126405120 | ||
| 040 | _coclc | ||
| 082 |
_a306.08954 _bKAL/J |
||
| 100 |
_aKalam, A P J Abdul _92031 |
||
| 245 | 0 |
_aJwalikkunna Manassukal = Ignited minds : unleashing the power within India / _cA P J Abdul Kalam |
|
| 260 |
_bDc Books, _c2014. _aKottayam: |
||
| 300 | _a112p | ||
| 942 |
_cBK _2ddc _h306.08954 _iKAL/J _k306.08954 _mKAL/J |
||